| 000 | 00963nam a2200217Ii 4500 | ||
|---|---|---|---|
| 003 | JO-AjNU | ||
| 008 | 230605s9999||||xx |||||||||||||| ||und|| | ||
| 017 | _a1997/2/193 | ||
| 040 |
_aJO-AjNU _bara _erda _cJO-AjNU |
||
| 041 | _aara | ||
| 050 | 1 | 4 | _aKMM423.J83.1997 |
| 100 | 3 |
_aالجبور، محمد عودة, _eauthor _925236 |
|
| 245 | 0 | 0 | _aالجرائم الواقعة على الأموال في قانون العقوبات الأردني : دراسة مقارنة |
| 250 | _aط1 | ||
| 264 | 3 | 1 | _aعمان : الشركة الجديدة للطباعة ، 1997 |
| 300 |
_a416ص _bيشتمل على مراجع ص ( 405 - 408 ) |
||
| 336 |
_atext _btxt _2rdacontent |
||
| 337 |
_aunmediated _bn _2rdamedia |
||
| 338 |
_avolume _bnc _2rdacarrier |
||
| 650 | 4 |
_aجرائم الأموال -- القانون الجنائي -- الأردن -- قانون العقوبات -- الأردن -- الأموال -- قوانين وتشريعات -- الأردن _925237 |
|
| 999 |
_aA9412 _c12980 _d12980 |
||